[Event "IECC Quad-629 email"]
[Site "IECC email"]
[Date "1998.10.10"]
[Round "?"]
[White "Mitchell, TT."]
[Black "Bakthavathsalu, Aravindh"]
[Result "0-1"]
[WhiteElo "931"]
[BlackElo "1000"]
[PlyCount "72"]
[EventDate "1998.??.??"]
[EventType "tourn (corr)"]
[EventRounds "6"]
[SourceTitle "Corr 2008"]
[Source "ChessBase"]
[SourceDate "2008.06.24"]
[SourceVersion "1"]
[SourceVersionDate "2008.06.24"]
[SourceQuality "1"]

1. e4 c5 2. Bc4 d6 3. Qf3 Nf6 4. h3 g6 5. Bb5+ Bd7 6. Bxd7+ Qxd7 7. Ne2 Bg7 8. 0-0 e5 9. c4 Nc6 10. Nbc3 Nd4 11. Nxd4 cxd4 12. Nd5 Nxd5 13. cxd5 0-0 14. d3 f5 15. Qe2 f4 16. f3 Rac8 17. Qd2 Rc7 18. a4 Rfc8 19. Qf2 Rc2 20. Qe1 Bf6 21. Kh1 Qd8 22. Rb1 Bh4 23. Qd1 Qa5 24. b3 Qc5 25. Bb2 Qb4 26. a5 Qxa5 27. Ra1 Qb6 28. Rc1 Qxb3 29. Rxc2 Rxc2 30. Ba3 Be7 31. Kg1 Qa2 32. Qxc2 Qxc2 33. Rc1 Qxd3 34. Rc8+ Kf7 35. Bc1 Qd1+ 36. Kh2 Bh4 0-1